000 00570 a2200241 4500
260 _aParis
630 _a33 - Economie
650 _a3 - SCIENCES SOCIALES
260 _bEconmie et humanisme
245 _aMécanismes du sous-développement et développements
300 _a319p
650 _a.économie politique
260 _c1981
300 _b18 cm
100 _lFr
037 _a2357
250 _a2ème ed
700 _aAlbertini, J.-M.
650 _aEconomie: développement : recession
020 _a2-7082-2207-4
999 _c43897
_d43897